Electronic precision measurement techniques and experiments (Record no. 14593)
[ view plain ]
| 000 -LEADER | |
|---|---|
| fixed length control field | 01047nam a2200313I 4500 |
| 001 - CONTROL NUMBER | |
| control field | 14593 |
| 003 - CONTROL NUMBER IDENTIFIER | |
| rucl marc code | BD-RjUL |
| 005 - DATE AND TIME OF LATEST TRANSACTION | |
| control field | 20211208235645.0 |
| 008 - FIXED-LENGTH DATA ELEMENTS--GENERAL INFORMATION | |
| fixed length control field | 140206s1964 njua b 000 0 eng d |
| 035 ## - SYSTEM CONTROL NUMBER | |
| System control number | MITb10166242 |
| System control number | (BD-RjUL)14646 |
| System control number | GLIS00166242 |
| 040 ## - CATALOGING SOURCE | |
| Original cataloging agency | WSU |
| Transcribing agency | WSU |
| Modifying agency | MYG |
| -- | BD-RjUL |
| Language of cataloging | eng |
| 041 ## - LANGUAGE CODE | |
| Language code of text/sound track or separate title | eng |
| 082 ## - DEWEY DECIMAL CLASSIFICATION NUMBER | |
| Classification number | 621.381 |
| Author mark and year | ELE |
| 090 ## - LOCALLY ASSIGNED LC-TYPE CALL NUMBER (OCLC); LOCAL CALL NUMBER (OCLC) | |
| Classification number (OCLC) (R) ; Classification number, CALL (RLIN) (NR) | TK7882.M38 |
| Local cutter number (OCLC) ; Book number/undivided call number, CALL (RLIN) | P545 |
| 099 ## - LOCAL FREE-TEXT CALL NUMBER (OCLC) | |
| Bangla Class number | TK7882.M38.P545 |
| 110 2# - MAIN ENTRY--CORPORATE NAME | |
| Corporate name or jurisdiction name as entry element | Philco Technological Center. |
| 9 (RLIN) | 45494 |
| 245 10 - TITLE STATEMENT | |
| Title | Electronic precision measurement techniques and experiments |
| Remainder of title | by members of the staff of Philco Technological Center |
| Statement of responsibility, etc. | Edited by John E. Remich. |
| 260 ## - PUBLICATION, DISTRIBUTION, ETC. (IMPRINT) | |
| Place of publication, distribution, etc. | Englewood Cliffs, N.J. : |
| Name of publisher, distributor, etc. | Prentice-Hall, |
| Date of publication, distribution, etc. | 1964. |
| 300 ## - PHYSICAL DESCRIPTION | |
| Pagination | xi, 336 p. : |
| Illustrations | illus. ; |
| Size | 26 cm. |
| 490 1# - SERIES STATEMENT | |
| Series statement | Prentice-Hall electronics technology series |
| 504 ## - BIBLIOGRAPHY, ETC. NOTE | |
| Bibliography, etc | Bibliography: p.[330] |
| 650 #0 - SUBJECT ADDED ENTRY--TOPICAL TERM | |
| Topical term or geographic name as entry element | Electronic measurements. |
| 9 (RLIN) | 681 |
| 700 1# - ADDED ENTRY--PERSONAL NAME | |
| Personal name | Remich, John E. |
| 830 #0 - SERIES ADDED ENTRY--UNIFORM TITLE | |
| Uniform title | Prentice-Hall electronic technology series. |
| 942 ## - ADDED ENTRY ELEMENTS (KOHA) | |
| Source of classification or shelving scheme | Dewey Decimal Classification |
| Koha item type | Books |
| Lost status | Source of classification or shelving scheme | Damaged status | Not for loan | Collection code | Permanent Location | Current Location | Shelving location | Date acquired | Source of acquisition | Cost, normal purchase price | Total Checkouts | Full call number | Date last seen | Copy number | Koha item type |
|---|---|---|---|---|---|---|---|---|---|---|---|---|---|---|---|
| Dewey Decimal Classification | Non-fiction | Central Library, University of Rajshahi | Central Library, University of Rajshahi | 06/10/1970 | Zeitlinger | 107.00 | 621.381 ELE 1964 | 06/02/2014 | C-2 | Books |